000
00353nam a2200157Ia 4500
100
_a
Morris/ Noel
650
_a
Electrical Engineering
942
_c
BK
654
_a
Industrial electronics
245
_a
Industrial electronics
260
_b
Mc Graw Hill
_a
London
_c
1978
082
_a
621.3
_b
Mor
300
_a
305
546
_a
ENGLISH
999
_c
34452
_d
34452